| 000 | 00432nam a22001697a 4500 | ||
|---|---|---|---|
| 999 |
_c5148 _d5146 |
||
| 005 | 20210909152507.0 | ||
| 008 | 160702b xxu||||| |||| 00| 0 eng d | ||
| 020 | _a978-0-07-049511-1 | ||
| 041 | _aeng | ||
| 082 |
_b20874 _a005.118 |
||
| 100 |
_aShapiro, Jeffrey R _93445 |
||
| 245 | _a The Complete Reference:Visual Basic Net | ||
| 260 | _bMc Grow Hills | ||
| 300 | _a863 | ||
| 650 |
_aInformation Technolocy _93446 |
||
| 942 | _cBK | ||